<?xml version="1.0" encoding="UTF-8"?>
<record
    xmlns:xsi="http://www.w3.org/2001/XMLSchema-instance"
    xsi:schemaLocation="http://www.loc.gov/MARC21/slim http://www.loc.gov/standards/marcxml/schema/MARC21slim.xsd"
    xmlns="http://www.loc.gov/MARC21/slim">

  <leader>00670nam a22001817a 4500</leader>
  <controlfield tag="003">UA-OsUOA</controlfield>
  <controlfield tag="001"> 17683 </controlfield>
  <controlfield tag="007">ta</controlfield>
  <controlfield tag="008">20040322b un ||||| |||| 00| 0 ukr d</controlfield>
  <datafield tag="100" ind1=" " ind2=" ">
    <subfield code="a">&#x41E;&#x433;&#x43E;&#x440;&#x43E;&#x434;&#x43D;&#x438;&#x43A; &#x41C;.</subfield>
  </datafield>
  <datafield tag="942" ind1=" " ind2=" ">
    <subfield code="c">SA</subfield>
  </datafield>
  <datafield tag="040" ind1=" " ind2=" ">
    <subfield code="a">UA-OsUOA</subfield>
    <subfield code="c">UA-OsUOA</subfield>
    <subfield code="d">UA-OsUOA</subfield>
  </datafield>
  <datafield tag="245" ind1=" " ind2=" ">
    <subfield code="a">"&#x417;&#x433;&#x430;&#x434;&#x430;&#x439;&#x43C;&#x43E; &#x43F;&#x440;&#x435;&#x434;&#x43A;&#x456;&#x432; &#x43D;&#x430;&#x448;&#x438;&#x445;, &#x449;&#x43E;&#x431; &#x456;&#x441;&#x442;&#x43E;&#x440;&#x456;&#x44F; &#x43F;&#x435;&#x440;&#x435;&#x434; &#x43D;&#x430;&#x43C;&#x438; &#x43D;&#x435; &#x437;&#x433;&#x430;&#x441;&#x43B;&#x430;...": [&#x423; &#x420;&#x456;&#x432;&#x43D;&#x435;&#x43D;. &#x43A;&#x440;&#x430;&#x454;&#x437;&#x43D;. &#x43C;&#x443;&#x437;&#x435;&#x457; &#x43E;&#x434;&#x43D;&#x43E;&#x447;&#x430;&#x441;&#x43D;&#x43E; &#x432;&#x456;&#x434;&#x43A;&#x440;&#x438;&#x442;&#x43E; &#x442;&#x440;&#x438; &#x435;&#x43A;&#x441;&#x43F;&#x43E;&#x437;&#x438;&#x446;&#x456;&#x457;]</subfield>
  </datafield>
  <datafield tag="300" ind1=" " ind2=" ">
    <subfield code="a">&#x421;.8</subfield>
  </datafield>
  <datafield tag="955" ind1=" " ind2=" ">
    <subfield code="a">0</subfield>
  </datafield>
  <datafield tag="773" ind1="0" ind2=" ">
    <subfield code="w">0</subfield>
    <subfield code="t">&#x41D;&#x43E;&#x432;&#x435; &#x436;&#x438;&#x442;&#x442;&#x44F;</subfield>
    <subfield code="d">&#x417;&#x434;&#x43E;&#x43B;&#x431;&#x443;&#x43D;&#x456;&#x432;</subfield>
    <subfield code="d">2004</subfield>
    <subfield code="g">&#x2116;16/17/28 &#x43B;&#x44E;&#x442;./</subfield>
  </datafield>
  <datafield tag="650" ind1=" " ind2="7">
    <subfield code="a">&#x412;&#x438;&#x441;&#x442;&#x430;&#x432;&#x43A;&#x438;</subfield>
    <subfield code="2">UDC</subfield>
  </datafield>
  <datafield tag="999" ind1=" " ind2=" ">
    <subfield code="c">303851</subfield>
    <subfield code="d">303851</subfield>
  </datafield>
</record>
